Forage conservation and feeding
Saved in:
| Main Authors: | , , |
|---|---|
| Format: | Book |
| Language: | English |
| Published: |
Ipswich
Farming Press
1986
|
| Subjects: | |
| Tags: |
Add Tag
No Tags, Be the first to tag this record!
|
MARC
| LEADER | 00000nam a2200000 a 4500 | ||
|---|---|---|---|
| 001 | UCV7263 | ||
| 003 | CL-VaPUC | ||
| 008 | 901002e19860000UK |||||||||||||||||eng|d | ||
| 082 | 0 | 4 | |a 633.2086 |b RAY |2 21 |
| 100 | 0 | |a Raymond, Frank |e author |9 301311 | |
| 700 | 0 | |a Redman, Peter |e author |9 301312 | |
| 700 | 0 | |a Waltham, Richard |e author |9 301313 | |
| 245 | 1 | 0 | |a Forage conservation and feeding |
| 300 | |a 188 p | ||
| 942 | |c BK | ||
| 945 | |d 19901002 00:00:00 | ||
| 260 | |a Ipswich |b Farming Press |c 1986 | ||
| 650 | 7 | |a FORRAJE ALMACENAJE |2 CL-VaPUC |9 264449 | |
| 650 | 7 | |a FORRAJE CONSERVACION |2 CL-VaPUC |9 264450 | |
| 650 | 7 | |a PLANTAS FORRAJERAS ENSILAJE |2 CL-VaPUC |9 264451 | |
| 650 | 7 | |a ENSILAJE |2 CL-VaPUC |9 264452 | |
| 583 | |a last modification |c 19901002 00:00:00 |k Rodrigo Vera | ||
| 999 | |c 212966 |d 212964 | ||
| 952 | |0 0 |1 1 |2 ddc |4 0 |6 633_208600000000000_RAY_1986 |7 0 |8 A |9 194866 |a BIBAGR |b BIBAGR |d 2019-11-14 |i 2630117 |o 633.2086 RAY 1986 |p 2630117 |r 2019-11-14 |w 2019-11-14 |y BK |k AGR | ||